| 000 -LEADER |
| fixed length control field |
00806nam a22002177a 4500 |
| 005 - DATE AND TIME OF LATEST TRANSACTION |
| control field |
20231116083240.0 |
| 008 - FIXED-LENGTH DATA ELEMENTS--GENERAL INFORMATION |
| fixed length control field |
231116b ||||| |||| 00| 0 eng d |
| 020 ## - INTERNATIONAL STANDARD BOOK NUMBER |
| International Standard Book Number |
9781382035224 |
| 040 ## - CATALOGING SOURCE |
| Transcribing agency |
KH8 |
| 082 ## - DEWEY DECIMAL CLASSIFICATION NUMBER |
| Classification number |
372.6 MIS |
| 100 ## - MAIN ENTRY--PERSONAL NAME |
| Personal name |
Miskin, Ruth, |
| Relator term |
Author |
| 245 ## - TITLE STATEMENT |
| Title |
Read write Inc. Fresh start. Handbook / |
| Statement of responsibility, etc. |
Ruth Miskin |
| 260 ## - PUBLICATION, DISTRIBUTION, ETC. |
| Place of publication, distribution, etc. |
Oxford, |
| Name of publisher, distributor, etc. |
Oxford University Press, |
| Date of publication, distribution, etc. |
2017 |
| 300 ## - PHYSICAL DESCRIPTION |
| Extent |
244 pages : |
| Other physical details |
illustrations ; |
| Dimensions |
30 cm |
| 440 ## - SERIES STATEMENT/ADDED ENTRY--TITLE |
| Title |
Read Write Inc. Fresh Start |
| 520 ## - SUMMARY, ETC. |
| Summary, etc. |
Read Write Inc. Fresh Start rescues pupils aged 9 and above who are below age-related expectations, using a phonics-based approach. |
| 650 ## - SUBJECT ADDED ENTRY--TOPICAL TERM |
| Topical term or geographic name entry element |
Juvenile works |
| 650 ## - SUBJECT ADDED ENTRY--TOPICAL TERM |
| Topical term or geographic name entry element |
Lecture Méthode |
| Form subdivision |
phonétique |
| 650 ## - SUBJECT ADDED ENTRY--TOPICAL TERM |
| Topical term or geographic name entry element |
Literacy Study and teaching (Elementary) |
| Form subdivision |
Activity programs |
| 942 ## - ADDED ENTRY ELEMENTS (KOHA) |
| Source of classification or shelving scheme |
|
| Koha item type |
Teaching Resources |